[Event "SLO-ch U20"]
[Site "Kranj"]
[Date "2000.??.??"]
[Round "?"]
[White "Gomboc, Miha"]
[Black "Bratovic, Blaz"]
[Result "1-0"]
[WhiteElo "2162"]
[BlackElo "2204"]
[PlyCount "89"]
[EventDate "2000.??.??"]
[EventType "swiss"]
[EventRounds "9"]
[EventCountry "SLO"]
[SourceTitle "EXT 2001"]
[Source "ChessBase"]
[SourceDate "2000.11.22"]
[SourceVersion "1"]
[SourceVersionDate "2000.11.22"]
[SourceQuality "1"]

1. e4 c5 2. Nc3 d6 3. f4 g6 4. Nf3 Bg7 5. Bc4 Nc6 6. 0-0 e6 7. f5 exf5 8. d3 Nge7 9. Qe1 h6 10. Bd2 Ne5 11. Nxe5 dxe5 12. exf5 Nxf5 13. Ne4 0-0 14. b4 Nd6 15. Nxd6 Qxd6 16. bxc5 Qc6 17. Qh4 Qxc5+ 18. Kh1 Qd4 19. Qxd4 exd4 20. Bb4 Bd7 21. Bxf8 Rxf8 22. Rae1 b5 23. Bb3 a5 24. Re7 Bf5 25. Ra7 a4 26. Bxf7+ Rxf7 27. Rxf7 Kxf7 28. g4 Kf6 29. gxf5 gxf5 30. Rb1 Kg5 31. Kg2 Kf4 32. Rxb5 Ke3 33. Rxf5 Kd2 34. Rc5 Bf8 35. Rc4 a3 36. Rxd4 Kc1 37. Rd8 Bg7 38. c4 Kb2 39. c5 Kxa2 40. Rb8 Bb2 41. c6 Kb1 42. c7 a2 43. Rxb2+ Kxb2 44. c8Q a1Q 45. Qh8+ 1-0

[Event "SLO-ch U20"]
[Site "Kranj"]
[Date "2000.??.??"]
[Round "?"]
[White "Gomboc, Miha"]
[Black "Gjuran, Denis"]
[Result "1-0"]
[WhiteElo "2162"]
[BlackElo "2125"]
[PlyCount "47"]
[EventDate "2000.??.??"]
[EventType "swiss"]
[EventRounds "9"]
[EventCountry "SLO"]
[SourceTitle "EXT 2001"]
[Source "ChessBase"]
[SourceDate "2000.11.22"]
[SourceVersion "1"]
[SourceVersionDate "2000.11.22"]
[SourceQuality "1"]

1. e4 c5 2. Nc3 e6 3. Nge2 Nc6 4. d4 cxd4 5. Nxd4 Qc7 6. Be2 a6 7. 0-0 Nf6 8. Be3 Be7 9. f4 d6 10. Kh1 0-0 11. a4 Re8 12. g4 Nxd4 13. Bxd4 e5 14. Bg1 exf4 15. g5 Nd7 16. Nd5 Qd8 17. h4 Ne5 18. Ra3 Be6 19. Bb6 Qd7 20. Nc7 d5 21. Ra1 Qc6 22. Qd4 dxe4 23. Nxe8 e3+ 24. Bf3 1-0

[Event "SLO-ch U20"]
[Site "Kranj"]
[Date "2000.??.??"]
[Round "?"]
[White "Gomboc, Miha"]
[Black "Petek, Primoz"]
[Result "1-0"]
[WhiteElo "2162"]
[BlackElo "2111"]
[PlyCount "57"]
[EventDate "2000.??.??"]
[EventType "swiss"]
[EventRounds "9"]
[EventCountry "SLO"]
[SourceTitle "EXT 2001"]
[Source "ChessBase"]
[SourceDate "2000.11.22"]
[SourceVersion "1"]
[SourceVersionDate "2000.11.22"]
[SourceQuality "1"]

1. e4 e5 2. Nf3 Nc6 3. Bb5 a6 4. Bxc6 dxc6 5. 0-0 Bg4 6. h3 h5 7. d3 Qf6 8. Nbd2 Ne7 9. Re1 Ng6 10. d4 Nf4 11. hxg4 hxg4 12. Nh2 Rxh2 13. Kxh2 Qh4+ 14. Kg1 g3 15. fxg3 Qxg3 16. Re2 0-0-0 17. Nf3 Nxe2+ 18. Qxe2 exd4 19. Bg5 Bc5 20. Qc4 f6 21. Qxc5 fxg5 22. Qf5+ Kb8 23. Qxg5 Qd6 24. e5 Qd5 25. e6 Qd6 26. e7 Re8 27. Re1 c5 28. Qxg7 c4 29. Qxd4 1-0

[Event "SLO-ch U20"]
[Site "Kranj"]
[Date "2000.??.??"]
[Round "?"]
[White "Gomboc, Miha"]
[Black "Srebrnic, Marko"]
[Result "0-1"]
[WhiteElo "2162"]
[BlackElo "2040"]
[PlyCount "54"]
[EventDate "2000.??.??"]
[EventType "swiss"]
[EventRounds "9"]
[EventCountry "SLO"]
[SourceTitle "EXT 2001"]
[Source "ChessBase"]
[SourceDate "2000.11.22"]
[SourceVersion "1"]
[SourceVersionDate "2000.11.22"]
[SourceQuality "1"]

1. e4 e5 2. Nf3 Nf6 3. Nxe5 d6 4. Nf3 Nxe4 5. d4 d5 6. Bd3 Bd6 7. 0-0 0-0 8. c4 c6 9. Qc2 Na6 10. a3 Re8 11. Nc3 Bg4 12. Nxe4 dxe4 13. Bxe4 f5 14. Bxf5 Bxf3 15. gxf3 Qh4 16. f4 g6 17. Be4 g5 18. f3 gxf4 19. b3 Re7 20. Bb2 Rg7+ 21. Kh1 Rg3 22. d5 c5 23. Bf5 Kf8 24. Rae1 Rxf3 25. Rg1 Rg3 26. Qe4 Qh5 27. Qe6 Qf3+ 0-1